000 01169nab a22002537a 4500
999 _c5270
_d5270
003 OSt
005 20250211121138.0
008 190429b xxu||||| |||| 00| 0 spa d
040 _cPJ
100 _96324
_aMattiello, Franco
245 1 3 _aLa estafa en triángulo como supuesto de autoría mediata /
_cFranco Mattiello.
260 _cCiudad Autónoma de Buenos Aires :
_aThomson Reuters La Ley,
_b2025.
300 _ap. 29-35
500 _aCita: AR/DOC/71/2025.
505 _aSumario: I. Introducción. Planteo del problema.— II. El tipo penal de estafa en el derecho argentino.— III. Estafa triangular. Interpretaciones doctrinarias.— IV. Estafa triangular: un supuesto de autoría mediata.— V. Conclusión.
505 _tSi te interesa el texto completo, solicitalo a koha@justierradelfuego.gov.ar
650 0 _9343
_aDERECHO PENAL
650 0 _93035
_aESTAFA
650 0 _92999
_aAUTORÍA
650 0 _92565
_aDEFRAUDACIÓN
650 0 _96325
_aESTAFA PROCESAL
773 0 _02658
_93164
_tRevista de derecho penal y criminología. Nº 1 - Febrero 2025
_dCiudad Autónoma de Buenos Aires : Thomson Reuters La Ley, 2017-
_x00347914
942 _2udc
_cANA